01031nam a2200277Ia 450000500170000000800410001702000190005810000350007724501170011225000390022930000520026849000200032065000510034065000520039165000520044365000300049570000310052594200150055626400330057133600270060433700330063133800280066404000350069208400110072799900150073820220317001034.0160825s2009 ck a g 000 0 spa  a978958300670121 aJiménez, Olga Lucíad1956-10aRonda que ronda la rondabjuegos y cantos infantilescOlga Lucía Jiménez ; ilustrado por Jorge Moreno Fierro a1.a edición b5a. reimpresión  a142 páginas bilustraciones en color c23 cm  aCorcel : rondas142LEMBaPoemas infantiles colombianas ySiglo XX142LEMBaLiteratura infantil colombiana ySiglo XX142LEMB aRondas infantiles colombianas ySiglo XX142LEMB aJuegos infantiles 1 aMoreno Fierro, Jorge99896 2loccBKINF aBogotábPanamericanac2009 atextobtxt2rdacontent asin mediaciónbn2rdamedia avolumenbnc2rdacarrier aCO-BoRNBPbspaerdacCO-BoRNBP aP JIM1 c5753d5753